Responses for Show #545 - Friday, January 9, 1987

Contestants

[<< previous game]

Mark Palmer, a financial proofreader from Long Beach, California

George Neil, a copywriter from Los Angeles, California

Patty Godon-Tann, a teacher from Santa Monica, California

[next game >>]

Jeopardy! Round responses

U.S. HISTORY
TELEVISION
RED SHOES
PSYCH 101
PLANTS
"AN"IMALS
    $100 20
(Patty: What is the anniversary of the flag made by Betsy Ross?)
(Alex: Be more specific.)
(Patty: It's the 100th anniversary of the flag.)
(Alex: That's it!)

the 100th anniversary of the flag

Patty
    $100 1
Naked City

Mark
    $100 15
Superman

Mark
    $100 4
others

Mark
    $100 25
dandelion

George
    $100 2
anchovy

Patty
    $200 21
California

George
    $200 9
(George: Who is The Lone Ranger?)

Zorro

GeorgeMark
    $200 16
The Man with One Red Shoe

George
    $200 6
psychoanalysis

George
    $200 26
cress

Patty
    $200 3
antelope

George
    $300 22
Equal Rights Amendment

Mark
    $300 10
pay TV

George
    $300 17
Elvis Costello

Mark
    $300 7
hypochondria

Triple Stumper
    $300 27
thistle

George
    $300 5
anaconda

George
    $400 23
farmers

Mark
    $400 11
commercials

Mark
    $400 18
(George: Who was Cyd Charisse?)

Moira Shearer

GeorgeMark
    $400 8
amnesia

Patty
    $600 28
[end-of-round signal sounds]

chlorophyll

George
    $400 13
angleworm

George
    $500 24
(George: Who were the poor?)
(Alex: We've got less than a minute to go in the round.)

one-third

George
Triple Stumper
    $500 12
Mark Goodson & Bill Todman

Mark
    $500 19
Margaret Hamilton

Patty
    $500 14
Carl Jung

Mark

Scores at the first commercial break (after clue 13):

Patty George Mark
$500 $1,200 $1,300

Scores at the end of the Jeopardy! Round:

Patty George Mark
$1,300 $1,700 $3,300

Double Jeopardy! Round responses

WORLD TRADE
SURPRISING AUTHORS
WOMEN IN THE NEWS
SPORT SHIFTS
EXPLORERS
POTPOURRI
    $200 25
[end-of-round signal sounds]

South Africa

Mark
    $200 1
Pope John Paul II

Patty
    $200 9
Muammar Gaddafi

Mark
    $200 10
Detroit

Mark
    $200 5
Cape Horn

George
    $200 21
(Alex: We've got a minute to go in the round.)

Lincoln's home

George
    $400 2
Clarence Darrow

George
    $400 15
Mount Everest

Patty
    $400 11
(Alex: The Raiders moving from Oakland to L.A..)

the Raiders

Mark
    $400 6
Newfoundland

George
    $400 22
ivory

Mark
    $600 3
POW (prisoner of war)

George
    $600 16
Jane Fonda

George
    $600 12
St. Louis Browns

Mark
    $600 7
Ferdinand Magellan

George
    $600 23
7-8 in the morning

Triple Stumper
    $800 4
Benjamin Disraeli

Patty
    $800 17
(Alex: Stalin's daughter; you got the pronunciation right too -- nice going!)

Svetlana Alliluyeva

Mark
    $800 13
Minnesota Twins (& the Texas Rangers)

Mark
    $800 18
Sir Richard Burton

Mark
    $500 24
Ran & Rad

Mark
    $1000 8
Simone Signoret

Patty
    $1000 20
(George: What is Finland?)

Iceland

GeorgeMark
    $1000 14
the Nationals

Mark
    $1000 19
the solar system (space, the heavens)

George

Scores at the end of the Double Jeopardy! Round:

Patty George Mark
$3,700 $4,700 $10,200
(lock game)

[wagering suggestions for these scores]

Final Jeopardy! Round responses

STATE CAPITALS
(Alex: Columbus, Ohio & Columbia, South Carolina.)
PattyWho was Thomas Jefferson
$3,699
GeorgeWho is Wm Penn?
$4,697
MarkWho is C Columbus?
$799
Christopher Columbus

Final scores:

Patty George Mark
$1 $3 $10,999
3rd place: designer glass from Stained Glass Overlay 2nd place: La-Z-Boy sleep sofa & wingback chair + Krups kitchen products New champion: $10,999

Game dynamics:

Coryat scores:

Patty George Mark
$3,700 $4,500 $10,500
9 R,
0 W
18 R
(including 1 DD),
4 W
23 R
(including 1 DD),
0 W

Combined Coryat: $18,700

[game clues] [game scores] [suggest correction]

Game tape date: 1986-10-08
The J! Archive is created by fans, for fans. Scraping, republication, monetization, and malicious use prohibited; this site may use cookies and collect identifying information. See terms. The Jeopardy! game show and all elements thereof, including but not limited to copyright and trademark thereto, are the property of Jeopardy Productions, Inc. and are protected under law. This website is not affiliated with, sponsored by, or operated by Jeopardy Productions, Inc. Join the discussion at JBoard.tv.